LDR 01030naa#a2200193#i#450# 001 RU\\bibl\105433 005 20260429202248.3 011 ## _a1729-9187 100 ## _a20260330b2026####ek#y0rusy0150####ca 102 ## _aRU 200 1# _aК вопросу защиты населения от наркотиков: актуальные проблемы и решения _eЖурнальная статья 210 1# _aУфа _cУфимский юридический институт МВД России _d2026 215 ## _a5 с. 608 ## _aЖурнальная статья _2local 675 ## _aГражданская охрана. Народные дружины. Национальная гвардия. 351.743 _aОхрана общественного порядка и спокойствия. 351.75 _z 700 #1 _aШумский _gВиктор Васильевич 700 #1 _aТкаченко _gВладимир Васильевич 700 #1 _aКолениченко _gВасилий Васильевич 856 4# _avestnik-uyi.editorum.ru _u